| 000 | 00562nam a2200181Ia 4500 | ||
|---|---|---|---|
| 003 | GCL | ||
| 008 | 140319s9999 xx 000 0 eng d | ||
| 040 |
_aGCL / _cGCL |
||
| 082 | 0 | 4 |
_a610.7307 _bI F |
| 100 | 1 | _aIBRAHIM, JACK | |
| 245 | 1 | 0 |
_aFEASIBILITY STUDY FOR NURSING AND ALLIED HEALTH MANPOWER DEVELOPMENT IN THE UNITED ARAB EMIRATES / _cIBRAHIM, JACK |
| 260 |
_a[S.N] : _bAMERICAN UNIVERSITY OF BEIRUT ، _c1982 |
||
| 300 | _a251 P | ||
| 650 | 0 | 4 | _aNURSING |
| 650 | 0 | 4 | _aNURSING - UNITED ARAB EMIRATES |
| 650 | 0 | 4 | _aNURSING - EDUCATION |
| 942 |
_2ddc _cBK |
||
| 999 |
_c15600 _d15600 |
||